| 000 | 00580cam a2200205ua 4500 | ||
|---|---|---|---|
| 020 |
_a90 220 0899 1 _c125.00 |
||
| 041 |
_aeng _h |
||
| 082 |
_a633.08 _bRAB/SI |
||
| 100 | _aRabbinge, R . | ||
| 245 |
_aSimulation and systems management in crop protection / _cR Rabbinge. _hTextual Documents |
||
| 250 |
_a1 / _b. |
||
| 260 |
_aNetherland : _bCentre for agricultural publishing and documentation , _c1989. |
||
| 300 | _a420 ; . | ||
| 365 | _a125.00 | ||
| 504 | _a | ||
| 700 | 1 | _aVanlaar, H H . | |
| 700 | 1 | _aWard , S H . | |
| 942 | _cBK | ||
| 999 |
_c2676 _d2676 |
||